| 000 | 00883cam a22002777a 4500 | ||
|---|---|---|---|
| 003 | CHAP | ||
| 005 | 20220329143608.0 | ||
| 008 | 120228s19921977us r 00010 eng d | ||
| 010 | _a99055 | ||
| 011 | _a100027 | ||
| 020 | _a1560911999 | ||
| 035 | _a110713 | ||
| 040 | _cCHAP | ||
| 082 | 0 | 0 |
_a629.2 _bG41y |
| 100 | 1 |
_aGillespie, Thomas D. _948028 |
|
| 245 | 1 | 0 |
_aFundamentals of vehicle dynamics _c/por Thomas D. Gillespie |
| 260 |
_aMéxico, D.F. : _bSociety of Automotive Engineers, _c1992 |
||
| 300 |
_axxii, 495 p. : _bil. |
||
| 590 |
_aBATCH-UPD _b10 _c20130410 _lUCH01 _h1237 |
||
| 590 |
_aBATCH-UPD _b10 _c20130914 _lUCH01 _h1543 |
||
| 590 |
_aCONVERSION _b10 _c20130109 _lUCH01 _h1355 |
||
| 650 | 0 | 4 |
_aVehículos de motor _xDinámica. _9118333 |
| 901 | _aBK | ||
| 942 | _cLIBRO | ||
| 949 |
_a629.2 G41y _bBC _cLIBRO _d33724002320983 _eLIBRO _gI. 259846 _h616315 _i110713 _sb _t1,399.13 |
||
| 999 |
_c99055 _d99055 |
||